Flaggen von inoffiziellen Ländern Europas - Statistiken

Allgemein
  • Dieses Quiz wurde 350 mal gespielt
  • Das Durchschnittsergebnis liegt bei 4 aus 15
Antwortstatistiken
Bildquiz Antwort % Korrekt
Schottland
100%
Färöer
71%
Katalonien
69%
Transnistrien
42%
Baskenland
30%
Bayern
26%
Friesland
19%
Bretagne
17%
Galicien
8%
Samiland
7%
Cornwall
4%
Okzitanien
4%
Republika Srpska
2%
Tatarstan
2%
Kaschubei
1%
Keine übereinstimmenden Quizze gefunden
Verteilung der Resultate
Anzahl Personen mit jedem Resultat
Perzentil nach korrekt beantworteten Fragen
Ihre Resultats-Entwicklung
Sie haben dieses Quiz noch nicht gespielt